000 00423nam a2200169Ia 4500
008 221030s9999 xx 000 0 und d
020 _a8120304993
041 _aEnglish
082 _a105.23
_bKer
100 _aB. W. Kernighan
245 4 _aThe Unix Programming Environment
_cby B. W. Kernighan, R. Pike
260 _bPHI
_aNew Delhi
_c2000
300 _a357
650 _aBE Computer
700 _aR. Pike
942 _cBK
999 _c7331
_d7331